| 000 | 00736nam a22002657a 4500 | ||
|---|---|---|---|
| 001 | BR6001548 | ||
| 003 | BR-BrBNA | ||
| 005 | 20230928094830.0 | ||
| 007 | ta | ||
| 008 | 230509b bl.||||| |||| 00| 0 por d | ||
| 040 |
_aBR-BrBNA _bpor _cBiblioteca Nacional de Agricultura |
||
| 041 | _a(Por) | ||
| 072 |
_aH10 _b4020 _b3877 |
||
| 090 | _ 4020 BR6001548 | ||
| 100 | 1 | _aMariconi, F. de A.M. | |
| 245 | 1 | _aInseticidas e seu emprego no combate as pragas | |
| 260 | 3 |
_aSao Paulo, SP (Brasil): _bAgronomica Ceres, _c1958. |
|
| 300 | _a519 p. | ||
| 500 | _aBibliography p. 503-520 (403 ref.) | ||
| 650 | _aPraga de Planta | ||
| 650 | _aErradicacao | ||
| 650 | _aInseticida | ||
| 909 |
_a202309 _bLucia _c55 _dLucia Elande |
||
| 942 | _cBK | ||
| 999 |
_c52907 _d52907 |
||